000
00224nam a2200097Ia 4500
008
190216s9999||||xx |||||||||||||| ||und||
100
_a
Gopinathan Nair T N
245
0
_a
Vazhiye Pooya Vayyaveli
260
_b
Null
942
_c
BK
999
_c
23953
_d
23953